000 01619nam a2200385 a 4500
003 CHAP
005 20241204181955.0
007 ta
008 241204s2008 mx bdeo|rm||| 001 0 spa d
040 _amxchpua
_cCHAP
041 0 _aspa
_beng
090 _aTesis
_bS26
_c2008
100 1 _aSánchez Hernández, Catalino
245 1 0 _aEstudio de factibilidad técnico-económico para la instalación de una planta deshidratadora de mango (Mangifera indica L.) en el municipio de Chahuites, Oaxaca /
_cCatalino Sánchez Hernández
264 _aChapingo, México :
_bEl autor,
_c2008
300 _axv, 111 hojas :
_bmapas, gráficas, diagramas, tablas, planos
336 _2rdacontent
_atexto
_btxt
337 _2rdamedia
_asin medio
_bn
338 _2rdacarrier
_avolumen
_bnc
500 _aEl plano está incluido en el reporte
502 _aFormulación o Evaluación de Proyectos
_b(Ingeniero Agroindustrial) --
_cUACh. Departamento de Ingeniería Agroindustrial,
_d2008
504 _aBibliografía: hojas 106-107
505 0 0 _a1 Plano -- 1. Plano de distribución de áreas (Esc. 1:100)
650 1 3 _aMangos
_xDeshidratación
_2atg
650 1 3 _aFruta deshidratada
_2atg
650 1 3 _aIniciativa empresarial
_zMéxico
_zOaxaca
_2atg
650 1 3 _aMangoes
_xDried fruit
_2atg
650 1 3 _aDried fruit
_2atg
650 1 3 _aEntrepreneurship
_zMéxico
_zOaxaca
_2atg
700 1 _aPérez Pelayo, Fernando
_edirector
700 1 _aPérez López, Artemio
_easesor
700 1 _aGarcía Chávez, Luis Ramiro
_easesor
901 _aTesis S26 2008
942 _2Clasificación Universidad Autónoma Chapingo
_cTesis
999 _c220302
_d220302